| 000 | 01636nam a2200397Ia 4500 | ||
|---|---|---|---|
| 001 | ebr10658997 | ||
| 003 | CaPaEBR | ||
| 006 | m u | ||
| 007 | cr cn||||||||| | ||
| 008 | 090804s2010 nyua sb 001 0 eng d | ||
| 010 | _z 2009032063 | ||
| 020 | _z9781607411970 (hardcover) | ||
| 020 | _z9781612094205 (ebook) | ||
| 040 |
_aCaPaEBR _cCaPaEBR |
||
| 035 | _a(OCoLC)699510294 | ||
| 050 | 1 | 4 |
_aJZ1480.A57 _bI4 2010eb |
| 082 | 0 | 4 |
_a327.73054 _222 |
| 245 | 0 | 0 |
_aIndia and the U.S. _h[electronic resource] : _bfuture relations, business and background / _ceditor, Tim S. Macleod. |
| 246 | 3 | _aIndia and the United States | |
| 246 | 3 | _aIndia and the US | |
| 260 |
_aNew York : _bNova Science Publishers, _cc2010. |
||
| 300 |
_ax, 302 p. : _bill. |
||
| 490 | 0 | _aAsian political, economic and security issues series | |
| 504 | _aIncludes bibliographical references and index. | ||
| 533 |
_aElectronic reproduction. _bPalo Alto, Calif. : _cebrary, _d2013. _nAvailable via World Wide Web. _nAccess may be limited to ebrary affiliated libraries. |
||
| 650 | 0 | _aInternational relations. | |
| 651 | 0 |
_aIndia _xEconomic conditions _y21st century. |
|
| 651 | 0 |
_aIndia _xForeign economic relations _zUnited States. |
|
| 651 | 0 |
_aIndia _xForeign relations _zUnited States. |
|
| 651 | 0 |
_aUnited States _xForeign economic relations _zIndia. |
|
| 651 | 0 |
_aUnited States _xForeign relations _zIndia. |
|
| 655 | 7 |
_aElectronic books. _2local |
|
| 700 | 1 | _aMacleod, Tim S. | |
| 710 | 2 | _aebrary, Inc. | |
| 856 | 4 | 0 |
_uhttp://site.ebrary.com/lib/rucke/Doc?id=10658997 _zAn electronic book accessible through the World Wide Web; click to view |
| 999 |
_c63884 _d63884 |
||